000 00196nam a22000737a 4500
999 _c24623
_d24623
003 NUST
005 20170615135410.0
008 140617b xxu||||| |||| 00| 0 eng d
020 _cAvailable
022 _a00221120
040 _aDLC
_bDLC
_cRCMS
082 _a532.14 CAM
100 _aCambridge University Press
_92672
245 _aJournal of Fluid Mechanics vol 702 Jul
_cCambridge University Press
260 _aUSA
_bCambridge University Press
_c10,July,2012
300 _a542,p:
_bill:
_c22,cm.
440 _vVolume:702
_92755
500 _aContents continued on inside back cover.
538 _iShelf No 1 Row No 6
650 _aFluid Mechanics
_91678
942 _2ddc
_cCR